000 01738nam a2200409 i 4500
001 192706
003 SpMaBN
005 20260311135131.0
007 ta
008 230512s2020 sp a | |||| 000 0cspa
017 _aM 30280-2020
_bOficina Depósito Legal Madrid
040 _aSpMaBN
_bspa
_cES-MaACL
_erda
080 _a615.15:061.231(460.271)"1918/36"
080 _a615.15-055.2(460.271)"1918/36"
100 1 _aGarcía Garralón, Marta
_eaut
_9176591
245 1 0 _aPioneras farmacéuticas :
_blas primeras mujeres del Colegio Oficial de Farmacéuticos de Madrid (1918-1936) /
_cMarta García Garralón y Raúl Renau López
264 1 _a[Madrid] :
_bCOFM, Colegio Oficial de Farmacéuticos de Madrid,
_c[2020]
300 _a101 páginas :
_bilustraciones (blanco y negro y color) ;
_c21 x 21 cm
336 _aTexto
_2rdacontent
337 _asin mediación
_2rdamedia
338 _avolumen
_2rdacarrier
500 _aEn cub.: Archivo COFM
500 _aÍndice
504 _aReferencias bibliográficas
530 _3Disponible en formato digital
610 2 _aColegio Oficial de Farmacéuticos de Madrid-
_vHistoria
_2embne
_9176592
650 7 _aFarmacia-
_9173688
_zMadrid (Comunidad Autónoma)
650 0 _aFarmacéuticas-
_zMadrid
_9235420
655 0 _aBiografías
_9176647
700 1 _aRenau López, Raúl
_eaut
_9176593
710 2 _9226438
_aColegio Oficial de Farmacéuticos de Madrid
_eedt
852 _aES-MaACL
_bR.152997
_cDEPOJ
_hDonación: Editorial
_jN-8337
_9200003
856 4 _uhttps://www.cofm.es/recursos/doc/portal/2015/04/24/catalogo-de-pioneras-farmaceuticas.pdf
_zTexto completo
_yColegio Oficial de Farmacéuticos de Madrid
942 _cMONOGRAFIA
_n0
999 _c192706
_d192706